Grid systems in graphic design : (Record no. 30289)
[ view plain ]
| 000 -LEADER | |
|---|---|
| fixed length control field | 02409nam a2200385 i 4500 |
| 001 - CONTROL NUMBER | |
| control field | ocn851191508 |
| 003 - CONTROL NUMBER IDENTIFIER | |
| control field | EG-ScBUE |
| 005 - DATE AND TIME OF LATEST TRANSACTION | |
| control field | 20230406114547.0 |
| 008 - FIXED-LENGTH DATA ELEMENTS--GENERAL INFORMATION | |
| fixed length control field | 130628s2023 sz a f b 001 0 eng d |
| 020 ## - INTERNATIONAL STANDARD BOOK NUMBER | |
| International Standard Book Number | 9783721201451 |
| 035 ## - SYSTEM CONTROL NUMBER | |
| System control number | (OCoLC)ocn851191508 |
| 035 ## - SYSTEM CONTROL NUMBER | |
| System control number | (OCoLC)851191508 |
| 040 ## - CATALOGING SOURCE | |
| Original cataloging agency | VMC |
| Language of cataloging | eng |
| Description conventions | rda |
| Transcribing agency | VMC |
| Modifying agency | OCLCO |
| -- | OCLCF |
| -- | OCLCQ |
| -- | EG-ScBUE |
| 041 1# - LANGUAGE CODE | |
| Language code of text/sound track or separate title | eng |
| -- | ger |
| Language code of original and/or intermediate translations of text | ger |
| 082 04 - DEWEY DECIMAL CLASSIFICATION NUMBER | |
| Edition number | 22 |
| Classification number | 686.224 |
| Item number | MÜL |
| 100 1# - MAIN ENTRY--PERSONAL NAME | |
| Personal name | Müller-Brockmann, Josef, |
| Dates associated with a name | 1914-1996, |
| Relator term | author. |
| 245 10 - TITLE STATEMENT | |
| Title | Grid systems in graphic design : |
| Remainder of title | a visual communication manual for graphic designers, typographers and three dimensional designers = Raster Systeme für die visuelle Gestaltung : ein Handbuch für Grafiker, Typografen und Ausstellungsgestalter / |
| Statement of responsibility, etc | Josef Müller-Brockmann ; [English version by D.Q. Stephenson]. |
| 246 31 - VARYING FORM OF TITLE | |
| Title proper/short title | Raster Systeme für die visuelle Gestaltung : |
| Remainder of title | ein Handbuch für Grafiker, Typografen und Ausstellungsgestalter |
| 250 ## - EDITION STATEMENT | |
| Edition statement | Twenty edition. |
| 264 #1 - PUBLICATION, DISTRIBUTION, ETC. (IMPRINT) | |
| Place of publication, distribution, etc | Salenstein : |
| Name of publisher, distributor, etc | Niggli, |
| Date of publication, distribution, etc | 2023. |
| 300 ## - PHYSICAL DESCRIPTION | |
| Extent | 176 pages : |
| Other physical details | illustrations (some color) ; |
| Dimensions | 31 cm |
| 336 ## - CONTENT TYPE | |
| Content type term | text |
| Content type code | txt |
| Source | rdacontent |
| 337 ## - MEDIA TYPE | |
| Media type term | unmediated |
| Media type code | n |
| Source | rdamedia |
| 338 ## - CARRIER TYPE | |
| Carrier type term | volume |
| Carrier type code | nc |
| Source | rdacarrier |
| 504 ## - BIBLIOGRAPHY, ETC. NOTE | |
| Bibliography, etc | Includes bibliographical references and index. |
| 505 1# - FORMATTED CONTENTS NOTE | |
| Formatted contents note | Foreword -- The book -- Grid and design philosophy -- The typographic grid -- What is the purpose of the grid? -- Sizes of paper -- The typographic measuring system -- Typeface alphabets -- Width of column -- Leading -- Margin Proportions -- Page numbers -- Body and display faces -- Construction of the type area -- Construction of the grid -- Type and picture area with 8 grid fields -- Type and picture area with 20 grid fields -- Type and picture area with 32 grid fields -- The photograph in the grid system -- The illustration in the grid system -- Solid tint in the grid system -- Practical examples -- The grid system in corporate identity -- The grid in three-dimensional design -- Examples of exhibitions -- System of order in ancient and modern times -- Concluding remarks -- Bibliography -- List of artists. |
| 546 ## - LANGUAGE NOTE | |
| Language note | Parallel English and German text. |
| 650 #7 - SUBJECT ADDED ENTRY--TOPICAL TERM | |
| Topical term or geographic name as entry element | Graphic design (Typography) |
| Source of heading or term | BUEsh |
| 650 #7 - SUBJECT ADDED ENTRY--TOPICAL TERM | |
| Topical term or geographic name as entry element | Grids (Typographic design) |
| Source of heading or term | BUEsh |
| 650 #7 - SUBJECT ADDED ENTRY--TOPICAL TERM | |
| Topical term or geographic name as entry element | Layout (Printing) |
| Source of heading or term | BUEsh |
| 653 ## - INDEX TERM--UNCONTROLLED | |
| Resource For college | Arts and Design |
| Arrived date list | April2023 |
| 655 ## - INDEX TERM--GENRE/FORM | |
| Form subdivision | Reading book |
| 700 1# - ADDED ENTRY--PERSONAL NAME | |
| Personal name | Stephenson, D. Q., |
| Relator term | author. |
| 942 ## - ADDED ENTRY ELEMENTS (KOHA) | |
| Source of classification or shelving scheme | Dewey Decimal Classification |
| Koha item type | Book - Borrowing |
| Withdrawn status | Lost status | Source of classification or shelving scheme | Damaged status | Not for loan | Collection code | Home library | Current library | Shelving location | Date acquired | Source of acquisition | Cost, normal purchase price | Serial Enumeration / chronology | Total Checkouts | Full call number | Barcode | Date last seen | Cost, replacement price | Price effective from | Koha item type |
|---|---|---|---|---|---|---|---|---|---|---|---|---|---|---|---|---|---|---|---|
| Dewey Decimal Classification | Baccah | Central Library | Central Library | First floor | 06/04/2023 | Purchase | 1504.00 | 37312 | 686.224 MÜL | 000044939 | 15/07/2025 | 1880.00 | 06/04/2023 | Book - Borrowing |